Pravda nepravdy Zo súčasnej anglickej literatúry

Bibliographic Details
Main Author: Vilikovský, Ján, 1937-2023 (Author)
Format: Article
Language:Slovak
Subjects:

MARC

LEADER 00000nab a2200000 a 4500
001 vtls000256261
003 SK-MaSNL
005 20260303171904.0
008 140423c1986 xo 0 slo
015 |a SNBRB19rr/mm-uuuuu 
035 |a CL0266375 
040 |a SNKBUCL  |b slo  |c SNKBUCL  |e AACR2 
041 0 |a slo 
044 |a xo  |c SK 
080 |a 82(091):820"19"  |2 1981 
080 |a 820"19"  |2 1981 
080 |a 820(091)"19"  |2 1981 
100 1 |a Vilikovský, Ján,  |d 1937-2023  |4 aut  |9 99553 
245 1 0 |a Pravda nepravdy  |b Zo súčasnej anglickej literatúry  |c Ján Vilikovský 
650 0 7 |a anglická literatúra  |2 snkbucl  |9 1295 
655 7 |a články z novín a časopisov  |2 snkbucl  |9 267496 
655 7 |a články z odboru literárna veda a krásna literatúra  |2 snkbucl  |9 770045 
773 0 |t Revue svetovej literatúry  |g Roč. 22, č. 5 (1986), s. 40-45 
850 |a Slovenská národná knižnica v Martine  |a MTA001 
852 |a SNK  |b KIS3GCP 
958 |a RK 
958 |a LX 
999 |c 2083921  |d 2085851